<?xml version="1.0" encoding="UTF-8"?>
<record
    xmlns:xsi="http://www.w3.org/2001/XMLSchema-instance"
    xsi:schemaLocation="http://www.loc.gov/MARC21/slim http://www.loc.gov/standards/marcxml/schema/MARC21slim.xsd"
    xmlns="http://www.loc.gov/MARC21/slim">

  <leader>00880nam a22002177a 4500</leader>
  <controlfield tag="001">8653</controlfield>
  <controlfield tag="003">FISKH</controlfield>
  <controlfield tag="005">20251008103605.0</controlfield>
  <controlfield tag="008">251008b        cb ||||| |||| 00| 0 eng d</controlfield>
  <datafield tag="020" ind1=" " ind2=" ">
    <subfield code="a">9780755499922</subfield>
  </datafield>
  <datafield tag="040" ind1=" " ind2=" ">
    <subfield code="a">FISKH</subfield>
    <subfield code="b">eng</subfield>
    <subfield code="c">FISKH</subfield>
    <subfield code="d">FISKH</subfield>
  </datafield>
  <datafield tag="082" ind1=" " ind2=" ">
    <subfield code="a">224.92</subfield>
  </datafield>
  <datafield tag="100" ind1=" " ind2=" ">
    <subfield code="a">Parade, North </subfield>
  </datafield>
  <datafield tag="245" ind1=" " ind2=" ">
    <subfield code="a">Jonah and the whale :</subfield>
    <subfield code="b">Bible story sound book /</subfield>
  </datafield>
  <datafield tag="260" ind1=" " ind2=" ">
    <subfield code="a">United Kingdom : </subfield>
    <subfield code="b">North Parade, </subfield>
    <subfield code="c">2013. </subfield>
  </datafield>
  <datafield tag="300" ind1=" " ind2=" ">
    <subfield code="a">12 unnumbered pages : </subfield>
    <subfield code="b">color illustrations ; </subfield>
    <subfield code="c">29 cm</subfield>
  </datafield>
  <datafield tag="520" ind1=" " ind2=" ">
    <subfield code="a">PICTURE STORYBOOKS. Follow the story of forgiveness in Jonah and the Whale. Discover how and why Jonah is rescued from a terrible storm at sea by a giant whale. This book is a simple and dramatic retelling for young children of the favourite Old Testament story. </subfield>
  </datafield>
  <datafield tag="650" ind1=" " ind2=" ">
    <subfield code="a">Bible Stories</subfield>
    <subfield code="v">Children's literature</subfield>
    <subfield code="x">Forgiveness</subfield>
  </datafield>
  <datafield tag="942" ind1=" " ind2=" ">
    <subfield code="2">ddc</subfield>
    <subfield code="c">BK</subfield>
    <subfield code="n">0</subfield>
  </datafield>
  <datafield tag="999" ind1=" " ind2=" ">
    <subfield code="c">8653</subfield>
    <subfield code="d">8653</subfield>
  </datafield>
  <datafield tag="952" ind1=" " ind2=" ">
    <subfield code="0">0</subfield>
    <subfield code="1">0</subfield>
    <subfield code="2">ddc</subfield>
    <subfield code="4">0</subfield>
    <subfield code="7">0</subfield>
    <subfield code="8">REF</subfield>
    <subfield code="a">001</subfield>
    <subfield code="b">001</subfield>
    <subfield code="c">LSHTK</subfield>
    <subfield code="d">2025-10-08</subfield>
    <subfield code="l">0</subfield>
    <subfield code="o">PAR 224.92 PZ7 </subfield>
    <subfield code="p">2025-4497</subfield>
    <subfield code="r">2025-10-08 10:35:24</subfield>
    <subfield code="t">1</subfield>
    <subfield code="w">2025-10-08</subfield>
    <subfield code="y">BK</subfield>
  </datafield>
</record>
